The Guardian test / by Christina Soontornvat ; ... Read More
Available copies
- 3 of 3 copies available at LARL/NWRL Consortium. (Show)
- 1 of 1 copy available at Northwest Regional Library.
Current holds
0 current holds with 3 total copies.
Show Only Available Copies
| Location | Call Number / Copy Notes | Barcode | Shelving Location | Status | Due Date |
|---|---|---|---|---|---|
| Warroad Public Library | j SOO (Text) | 35500006652646 | Main | Available | - |
Record details
- ISBN: 9781338759150
- ISBN: 1338759159
- Physical Description: 147 pages : illustrations, map ; 22 cm.
- Edition: First edition.
- Publisher: New York : Scholastic Press, [2023]
- Copyright: ©2023
Content descriptions
| Summary, etc.: | "Young Plum is shocked to discover that she's been ... Read More |
Search for related items by subject
| Genre: | Fantasy fiction. School fiction. |
Search for related items by series
| LDR | 02673cam a2200553Ii 4500 | ||
|---|---|---|---|
| 001 | 403608 | ||
| 003 | LARL_NWRL_CONSORTIUM | ||
| 005 | 20230314181738.0 | ||
| 008 | 230220s2023 nyuab j 000 1 eng | ||
| 040 | . | ‡aICrlF ‡beng ‡erda ‡cFMG ‡dFMG ‡dOI6 ‡dCHILD ‡dVP@ | |
| 020 | . | ‡a9781338759150 ‡q(hardcover) | |
| 020 | . | ‡a1338759159 ‡q(hardcover) | |
| 035 | . | ‡a(OCoLC)1370618980 | |
| 082 | 0 | 4. | ‡a[Fic] ‡223 |
| 100 | 1 | . | ‡aSoontornvat, Christina, ‡eauthor. ‡0(LARL_NWRL_CONSORTIUM)223796 |
| 245 | 1 | 4. | ‡aThe Guardian test / ‡cby Christina Soontornvat ; illustrated by Kevin Hong. |
| 250 | . | ‡aFirst edition. | |
| 264 | 1. | ‡aNew York : ‡bScholastic Press, ‡c[2023] | |
| 264 | 4. | ‡c©2023 | |
| 300 | . | ‡a147 pages : ‡billustrations, map ; ‡c22 cm. | |
| 336 | . | ‡atext ‡btxt ‡2rdacontent | |
| 337 | . | ‡aunmediated ‡bn ‡2rdamedia | |
| 338 | . | ‡avolume ‡bnc ‡2rdacarrier | |
| 490 | 0 | . | ‡aLegends of Lotus Island ; ‡v1 |
| 520 | . | ‡a"Young Plum is shocked to discover that she's been accepted to the Guardian Academy on Lotus Island, an elite school where kids learn how to transform into Guardians, magical creatures who are sworn to protect the natural world. The Guardian masters teach Plum and her friends how to communicate with animals and how to use meditation to strengthen their minds and bodies. All the kids also learn to fight, so they can protect the defenseless if needed. To her dismay, Plum struggles at school. While her classmates begin to transform into amazing creatures, Plum can't even seem to magic up a single feather! If she can't embrace her inner animal form soon, she'll have to leave school and lose the first group of real friends she's ever known"--Provided by publisher. | |
| 650 | 0. | ‡aShapeshifting ‡vJuvenile fiction. | |
| 650 | 0. | ‡aFriendship ‡vJuvenile fiction. ‡0(LARL_NWRL_CONSORTIUM)164914 | |
| 650 | 0. | ‡aMagic ‡vJuvenile fiction. ‡0(LARL_NWRL_CONSORTIUM)165990 | |
| 650 | 0. | ‡aHuman-animal communication ‡vJuvenile fiction. | |
| 650 | 0. | ‡aSchools ‡vJuvenile fiction. ‡0(LARL_NWRL_CONSORTIUM)167227 | |
| 650 | 1. | ‡aShapeshifting ‡vFiction. | |
| 650 | 1. | ‡aFriendship ‡vFiction. ‡0(LARL_NWRL_CONSORTIUM)164944 | |
| 650 | 1. | ‡aMagic ‡vFiction. ‡0(LARL_NWRL_CONSORTIUM)165984 | |
| 650 | 1. | ‡aHuman-animal communication ‡vFiction. ‡0(LARL_NWRL_CONSORTIUM)165692 | |
| 650 | 1. | ‡aSchools ‡vFiction. ‡0(LARL_NWRL_CONSORTIUM)167222 | |
| 650 | 1. | ‡aFantasy. ‡0(LARL_NWRL_CONSORTIUM)19981 | |
| 655 | 7. | ‡aFantasy fiction. ‡2lcgft | |
| 655 | 7. | ‡aSchool fiction. ‡2lcgft | |
| 700 | 1 | . | ‡aHong, Kevin ‡c(Illustrator), ‡eillustrator. |
| 901 | . | ‡a403608 ‡bOCoLC ‡c403608 ‡tbiblio ‡soclc | |

Add to basket
Permalink
Enable Highlighting